Politics, society, and the media : (Record no. 20769)
[ view plain ]
| 000 -LEADER | |
|---|---|
| fixed length control field | 00814cam a22002535a 4500 |
| 001 - CONTROL NUMBER | |
| control field | 12506224 |
| 005 - DATE AND TIME OF LATEST TRANSACTION | |
| control field | 20151103191028.0 |
| 008 - FIXED-LENGTH DATA ELEMENTS--GENERAL INFORMATION | |
| fixed length control field | 010817t2001 xxc frb 001 0 eng d |
| 020 ## - INTERNATIONAL STANDARD BOOK NUMBER | |
| International Standard Book Number | 1551111810 |
| 020 ## - INTERNATIONAL STANDARD BOOK NUMBER | |
| International Standard Book Number | 9781551111810 |
| 040 ## - CATALOGING SOURCE | |
| Original cataloging agency | CaOTU |
| Language of cataloging | eng |
| Transcribing agency | NLC |
| Modifying agency | DLC |
| -- | EG-ScBUE |
| 043 ## - GEOGRAPHIC AREA CODE | |
| Geographic area code | n-cn--- |
| 082 04 - DEWEY DECIMAL CLASSIFICATION NUMBER | |
| Classification number | 302.230971 |
| Edition number | 22 |
| Item number | NES |
| 100 1# - MAIN ENTRY--PERSONAL NAME | |
| Personal name | Nesbitt-Larking, Paul W. |
| Dates associated with a name | 1954- |
| 9 (RLIN) | 38655 |
| Fuller form of name | (Paul Wingfield), |
| 245 10 - TITLE STATEMENT | |
| Title | Politics, society, and the media : |
| Remainder of title | Canadian perspectives / |
| Statement of responsibility, etc | Paul Nesbitt-Larking. |
| 260 ## - PUBLICATION, DISTRIBUTION, ETC. (IMPRINT) | |
| Place of publication, distribution, etc | Toronto : |
| Name of publisher, distributor, etc | Broadview Press, |
| Date of publication, distribution, etc | c.2001. |
| 300 ## - PHYSICAL DESCRIPTION | |
| Extent | 423 p. ; |
| Dimensions | 23 cm. |
| 500 ## - GENERAL NOTE | |
| General note | Index : p. 415-423. |
| 504 ## - BIBLIOGRAPHY, ETC. NOTE | |
| Bibliography, etc | Bibliography : p. 399-413. |
| 650 #0 - SUBJECT ADDED ENTRY--TOPICAL TERM | |
| Topical term or geographic name as entry element | Mass media |
| General subdivision | Political aspects |
| Geographic subdivision | Canada. |
| Source of heading or term | BUEsh |
| 651 ## - SUBJECT ADDED ENTRY--GEOGRAPHIC NAME | |
| Source of heading or term | BUEsh |
| 653 ## - INDEX TERM--UNCONTROLLED | |
| Resource For college | Communication and mass media |
| Arrived date list | August2015 |
| -- | November2015 |
| 942 ## - ADDED ENTRY ELEMENTS (KOHA) | |
| Source of classification or shelving scheme | Dewey Decimal Classification |
| Withdrawn status | Lost status | Source of classification or shelving scheme | Damaged status | Not for loan | Koha collection | Home library | Current library | Shelving location | Date acquired | Source of acquisition | Cost, normal purchase price | Serial Enumeration / chronology | Total Checkouts | Total Renewals | Full call number | Barcode | Date last seen | Date last borrowed | Cost, replacement price | Koha item type |
|---|---|---|---|---|---|---|---|---|---|---|---|---|---|---|---|---|---|---|---|---|
| Dewey Decimal Classification | Baccah | Central Library | Central Library | First floor | 31/08/2015 | Purchase | 280.00 | 23317 | 3 | 37 | 302.230971 NES | 000039047 | 15/07/2025 | 06/11/2019 | 350.00 | Book - Borrowing |